Inventario de hallazgos monetarios en El Poyo anteriores y posteriores a Octavio Augusto y otros estudios arqueológicos / (Record no. 67009)
[ view plain ]
| 000 -LEADER | |
|---|---|
| campo de control de longitud fija | 01381nam a2200277 i 4500 |
| 001 - NÚMERO DE CONTROL | |
| campo de control | 67009 |
| 003 - IDENTIFICADOR DE NÚMERO DE CONTROL | |
| campo de control | ES-MaACL |
| 005 - FECHA Y HORA DE LA ÚLTIMA TRANSACCIÓN | |
| campo de control | 20250208063119.0 |
| 007 - CAMPO FIJO DE DESCRIPCIÓN FÍSICA--INFORMACIÓN GENERAL | |
| campo de control de longitud fija | t| |
| 008 - DATOS DE LONGITUD FIJA--INFORMACIÓN GENERAL | |
| campo de control de longitud fija | 040430s1994 sp a |||| | spa d |
| 080 ## - NÚMERO DE LA CLASIFICACIÓN DECIMAL UNIVERSAL | |
| Número de la Clasificación Decimal Universal | 737.1.03(460.226) |
| 080 ## - NÚMERO DE LA CLASIFICACIÓN DECIMAL UNIVERSAL | |
| Número de la Clasificación Decimal Universal | 904(460.226) |
| 100 1# - ENTRADA PRINCIPAL--NOMBRE DE PERSONA | |
| Nombre de persona | Turiel, Max, |
| Fechas asociadas al nombre | 1955- |
| 9 (RLIN) | 151274 |
| 245 10 - MENCIÓN DEL TÍTULO | |
| Título | Inventario de hallazgos monetarios en El Poyo anteriores y posteriores a Octavio Augusto y otros estudios arqueológicos / |
| Mención de responsabilidad, etc. | [Maximino Turiel Ibáñez]. |
| 260 ## - PUBLICACIÓN, DISTRIBUCIÓN, ETC. | |
| Lugar de publicación, distribución, etc. | [Madrid : |
| Nombre del editor, distribuidor, etc. | M. Turiel] ; |
| Lugar de publicación, distribución, etc. | Calamocha, Teruel : |
| Nombre del editor, distribuidor, etc. | Centro de Estudios del Jiloca, |
| Fecha de publicación, distribución, etc. | 1994. |
| 300 ## - DESCRIPCIÓN FÍSICA | |
| Extensión | 1 v. (pag. var.) : |
| Otras características físicas | il. ; |
| Dimensiones | 23 cm. |
| 505 8# - NOTA DE CONTENIDO CON FORMATO | |
| Nota de contenido con formato | Contiene: Inventario de hallazgos monetarios en la zona arqueológica de El Poyo (Calamocha, Teruel) ; Estudio de tres amuletos fálicos procedentes de la Masada de Vallejo (Calamocha, Teruel) ; Contribuciones al estudio de la circulación monetaria ibérica y romana en la comarca de Calamocha (Teruel) ; Inventario de hallazgos monetaros en el Poyo, addenda III |
| 650 #4 - PUNTO DE ACCESO ADICIONAL DE MATERIA--TÉRMINO DE MATERIA | |
| Término de materia o nombre geográfico como elemento de entrada | Monedas ibéricas- |
| Subdivisión geográfica | Teruel (Provincia) |
| 9 (RLIN) | 15164 |
| 650 #4 - PUNTO DE ACCESO ADICIONAL DE MATERIA--TÉRMINO DE MATERIA | |
| Término de materia o nombre geográfico como elemento de entrada | Monedas romanas- |
| Subdivisión geográfica | Teruel (Provincia) |
| 9 (RLIN) | 15167 |
| 650 ## - PUNTO DE ACCESO ADICIONAL DE MATERIA--TÉRMINO DE MATERIA | |
| Término de materia o nombre geográfico como elemento de entrada | Amuletos. |
| 9 (RLIN) | 9760 |
| 651 #4 - PUNTO DE ACCESO ADICIONAL DE MATERIA--NOMBRE GEOGRÁFICO | |
| Nombre geográfico | Teruel (Provincia)- |
| Subdivisión general | Restos arqueológicos. |
| 9 (RLIN) | 151275 |
| 710 2# - ENTRADA AGREGADA--NOMBRE DE ENTIDAD CORPORATIVA | |
| Nombre de entidad corporativa o nombre de jurisdicción como elemento de entrada | Centro de Estudios del Jiloca. |
| 9 (RLIN) | 151276 |
| 852 4# - LOCALIZACIÓN | |
| Ubicación | ES-MaACL |
| Número de control de estantería | 2169-F-4 |
| 942 ## - ELEMENTOS DE ENTRADA SECUNDARIOS (KOHA) | |
| Fuente del sistema de clasificación o colocación | Clasificación decimal universal |
| Estatus retirado | Estado de pérdida | Estado de daño | No para préstamo | Colección | Biblioteca de origen | Biblioteca actual | Ubicación en estantería | Fecha de adquisición | Fuente de adquisición | Total de préstamos | Signatura topográfica completa | Código de barras | Visto por última vez | Precio de reemplazo | Tipo de ítem Koha |
|---|---|---|---|---|---|---|---|---|---|---|---|---|---|---|---|
| Colección de folletos | Biblioteca del Ateneo de Madrid | Biblioteca del Ateneo de Madrid | Depósito folletos | 17/01/2008 | 2169-F-4 | 1070182 | 23/02/2023 | 23/02/2023 | Folleto |
